| 000 -LEADER |
| fixed length control field |
01303cam a22002897a 4500 |
| 020 ## - INTERNATIONAL STANDARD BOOK NUMBER |
| International Standard Book Number |
1402045964 |
| 020 ## - INTERNATIONAL STANDARD BOOK NUMBER |
| International Standard Book Number |
1402045972 (pbk.) |
| 020 ## - INTERNATIONAL STANDARD BOOK NUMBER |
| International Standard Book Number |
1402045980 (ebook.) |
| 082 00 - DEWEY DECIMAL CLASSIFICATION NUMBER |
| Classification number |
363.34937 |
| Author Mark |
SCH |
| -- |
N-02,P-62 |
| 245 10 - TITLE STATEMENT |
| Title |
Flood risk management : |
| Remainder of title |
hazards, vulnerability and mitigation measures / |
| Statement of responsibility, etc. |
edited by Jochen Schanze, Evzen Zeman and Jiri Marsalek. |
| 260 ## - PUBLICATION, DISTRIBUTION, ETC. |
| Place of publication, distribution, etc. |
Dordrecht : |
| Name of publisher, distributor, etc. |
Springer, |
| Date of publication, distribution, etc. |
c2006. |
| 300 ## - PHYSICAL DESCRIPTION |
| Extent |
xi, 319 p. : |
| Other physical details |
ill., maps, ports ; |
| Dimensions |
25 cm. |
| 490 1# - SERIES STATEMENT |
| Series statement |
NATO science series. Series IV, |
| -- |
Earth and environmental sciences ; |
| 500 ## - GENERAL NOTE |
| General note |
"Proceedings of the NATO Advanced Research Workshop on Flood Risk Management: Hazards, Vulnerability and Mitigation Measures, Ostrov, Czech Republic, 6-10 October 2004"--T.p. verso. |
| 500 ## - GENERAL NOTE |
| General note |
"Published in cooperation with NATO Public Diplomacy Division." |
| 526 ## - STUDY PROGRAM INFORMATION NOTE |
| Program name |
0 |
| Interest level |
0 |
| Reading level |
0 |
| Title point value |
363_349370000000000_SCH |
| 650 #0 - SUBJECT ADDED ENTRY--TOPICAL TERM |
| Topical term or geographic name entry element |
Flood damage prevention |
| 9 (RLIN) |
36226 |
| 650 #0 - SUBJECT ADDED ENTRY--TOPICAL TERM |
| Topical term or geographic name entry element |
Floodplain management |
| 9 (RLIN) |
36227 |
| 650 #0 - SUBJECT ADDED ENTRY--TOPICAL TERM |
| Topical term or geographic name entry element |
NUST |
| 9 (RLIN) |
6342 |
| 650 #0 - SUBJECT ADDED ENTRY--TOPICAL TERM |
| Topical term or geographic name entry element |
Risk assessment |
| 9 (RLIN) |
1890 |
| 700 1# - ADDED ENTRY--PERSONAL NAME |
| Personal name |
Marsalek, J. |
| 9 (RLIN) |
36230 |
| 700 1# - ADDED ENTRY--PERSONAL NAME |
| Personal name |
Schanze, Jochen. |
| 9 (RLIN) |
36228 |
| 700 1# - ADDED ENTRY--PERSONAL NAME |
| Personal name |
Zeman, Evzen. |
| 9 (RLIN) |
36229 |
| 856 41 - ELECTRONIC LOCATION AND ACCESS |
| Uniform Resource Identifier |
<a href="http://www.loc.gov/catdir/toc/fy0705/2006509577.html">http://www.loc.gov/catdir/toc/fy0705/2006509577.html</a> |
| 856 42 - ELECTRONIC LOCATION AND ACCESS |
| Uniform Resource Identifier |
<a href="http://www.loc.gov/catdir/enhancements/fy0824/2006509577-d.html">http://www.loc.gov/catdir/enhancements/fy0824/2006509577-d.html</a> |
| 942 ## - ADDED ENTRY ELEMENTS (KOHA) |
| Source of classification or shelving scheme |
|
| Koha item type |
Book |